00674nam a2200241 a 4500001001300000003000900013005001700022008004100039020001000080082001700090100002400107245002900131260003500160300000900195500003500204505001000239650001200249700002400261902000800285942000700293952011700300999001500417nice12345678IN_TiNIC20260116012119.0050524s0000 newa grp 000 0 eng  ac14700a231.044bRIC aRichardson, Cyril C aDoctrines of the Trinity aNew YorkbAbingdon Pressc0000 a159p aincludes index and biblioraphy2 aIndex aTrinity1 aRichardson, Cyril C bSRS cBK 001040708StackRoom-aHMIbHMId2007-06-15g147.00l0o231.044 RICp08543r2007-06-15v147.00w2005-05-24yBK c5696d5696